[Event "DSJ Weihnachtsturnier U16: Steinitz 2020"]
[Site ""]
[Date "2020.12.28"]
[Round "5"]
[White "Winterstein, Fabio"]
[Black "Rose, Daniel"]
[Result "0-1"]
[Termination "time forfeit"]
[Board "6.2"]
[WhiteElo "1558"]
[BlackElo "1816"]
[WhiteTeam "SK Johanneum Eppendorf"]
[BlackTeam "SV Königsjäger Süd-West"]
[PlyCount "106"]
[BlackFideId "16242963"]
[EventRounds "7"]
[EventType "team-swiss"]
[EventDate "2020.12.28"]

1. e4 {[%emt 0:00:02]} d5 {[%emt 0:00:15]} 2. exd5 {[%emt 0:00:08]} Qxd5 {
[%emt 0:00:02]} 3. Nc3 {[%emt 0:00:01]} Qa5 {[%emt 0:00:06]} 4. Nf3 {[%emt
0:00:09]} Bg4 {[%emt 0:00:09]} 5. Be2 {[%emt 0:00:03]} Nf6 {[%emt 0:00:03]} 6.
O-O {[%emt 0:00:14]} e6 {[%emt 0:00:07]} 7. h3 {[%emt 0:00:23]} Bh5 {[%emt
0:00:04]} 8. d3 {[%emt 0:00:09]} Bd6 {[%emt 0:00:05]} 9. Bd2 {[%emt 0:00:09]}
c6 {[%emt 0:00:02]} 10. Ne4 {[%emt 0:00:08]} Qc7 {[%emt 0:00:03]} 11. Nxd6+ {
[%emt 0:00:03]} Qxd6 {[%emt 0:00:03]} 12. Bc3 {[%emt 0:00:29]} Nbd7 {[%emt
0:00:12]} 13. Qd2 {[%emt 0:00:16]} O-O {[%emt 0:00:19]} 14. Rfe1 {[%emt
0:00:22]} Nd5 {[%emt 0:00:49]} 15. Ba5 {[%emt 0:00:59]} b6 {[%emt 0:00:16]} 16.
Qg5 { [%emt 0:00:42]} Bg6 {[%emt 0:00:10]} 17. Bd2 {[%emt 0:00:08]} h6 {[%emt
0:00:11]} 18. Qh4 {[%emt 0:00:20]} c5 {[%emt 0:01:23]} 19. c4 {[%emt 0:00:50]}
Nb4 { [%emt 0:00:40]} 20. Rec1 {[%emt 0:01:42]} Nxd3 {[%emt 0:00:23]} 21. Rd1 {
[%emt 0:00:40]} N7e5 {[%emt 0:01:12]} 22. Bf4 {[%emt 0:00:26]} Nxf3+ {[%emt
0:00:07]} 23. Bxf3 {[%emt 0:00:03]} Qxf4 {[%emt 0:00:01]} 24. Qxf4 {[%emt
0:00:08]} Nxf4 {[%emt 0:00:01]} 25. Bxa8 {[%emt 0:00:04]} Rxa8 {[%emt 0:00:01]}
26. Rd7 {[%emt 0:00:38]} Ne2+ {[%emt 0:00:09]} 27. Kf1 {[%emt 0:00:03]} Nd4 {
[%emt 0:00:05]} 28. Rd1 {[%emt 0:00:30]} Kf8 {[%emt 0:00:25]} 29. Rd2 {[%emt
0:00:20]} Ke8 {[%emt 0:00:05]} 30. Rc7 {[%emt 0:00:04]} Kd8 {[%emt 0:00:06]}
31. Rb7 {[%emt 0:00:04]} Rc8 {[%emt 0:00:15]} 32. Rxa7 {[%emt 0:00:05]} Rc7 {
[%emt 0:00:01]} 33. Ra6 {[%emt 0:00:06]} Rb7 {[%emt 0:00:03]} 34. Ra8+ { [%emt
0:00:17]} Ke7 {[%emt 0:00:06]} 35. Rg8 {[%emt 0:00:02]} Ra7 {[%emt 0:00:24]}
36. Rxg7 {[%emt 0:00:03]} Ra8 {[%emt 0:00:02]} 37. a3 {[%emt 0:00:16]} Kf6
{[%emt 0:00:03]} 38. Rxg6+ {[%emt 0:00:01]} fxg6 {[%emt 0:00:03]} 39. Rd3 {
[%emt 0:00:04]} Ra4 {[%emt 0:00:29]} 40. b4 {[%emt 0:00:02]} e5 {[%emt 0:00:07]
} 41. bxc5 {[%emt 0:00:02]} bxc5 {[%emt 0:00:03]} 42. Rb3 {[%emt 0:00:01]} Nxb3
{[%emt 0:00:01]} 43. Ke2 {[%emt 0:00:02]} Rxc4 {[%emt 0:00:01]} 44. Kd3 { [%emt
0:00:01]} Rd4+ {[%emt 0:00:02]} 45. Kc3 {[%emt 0:00:01]} Nd2 {[%emt 0:00:02]}
46. Kb2 {[%emt 0:00:03]} Ne4 {[%emt 0:00:02]} 47. Kb3 {[%emt 0:00:01]} Nxf2
{[%emt 0:00:02]} 48. a4 {[%emt 0:00:01]} Rb4+ {[%emt 0:00:01]} 49. Ka3 { [%emt
0:00:02]} Kf5 {[%emt 0:00:03]} 50. a5 {[%emt 0:00:01]} e4 {[%emt 0:00:02] } 51.
a6 {[%emt 0:00:01]} Rb6 {[%emt 0:00:02]} 52. a7 {[%emt 0:00:02]} Ra6+ { [%emt
0:00:01]} 53. Kb3 {[%emt 0:00:02]} Rxa7 {[%emt 0:00:00] TimeW} 0-1

[Event "DSJ Weihnachtsturnier U16: Steinitz 2020"]
[Site ""]
[Date "2020.12.28"]
[Round "5"]
[White "Abed, Karim"]
[Black "Laucht, Philipp"]
[Result "1-0"]
[Termination "normal"]
[Board "6.3"]
[WhiteElo "1626"]
[BlackElo "1481"]
[WhiteTeam "SV Königsjäger Süd-West"]
[BlackTeam "SK Johanneum Eppendorf"]
[PlyCount "46"]
[WhiteFideId "16242785"]
[BlackFideId "16244869"]
[EventRounds "7"]
[EventType "team-swiss"]
[EventDate "2020.12.28"]

1. d4 {[%emt 0:00:45]} Nf6 {[%emt 0:00:02]} 2. c4 {[%emt 0:00:05]} g6 {[%emt
0:00:02]} 3. Nc3 {[%emt 0:00:02]} d5 {[%emt 0:00:02]} 4. Bg5 {[%emt 0:00:03]}
Bg7 {[%emt 0:00:06]} 5. Bxf6 {[%emt 0:00:15]} Bxf6 {[%emt 0:00:23]} 6. cxd5 {
[%emt 0:00:01]} O-O {[%emt 0:00:08]} 7. e3 {[%emt 0:00:09]} Nd7 {[%emt 0:00:32]
} 8. Nf3 {[%emt 0:00:07]} Nb6 {[%emt 0:00:05]} 9. Qb3 {[%emt 0:00:26]} Bg4 {
[%emt 0:00:43]} 10. Be2 {[%emt 0:00:04]} Rb8 {[%emt 0:00:08]} 11. O-O {[%emt
0:00:03]} Qd7 {[%emt 0:00:03]} 12. h3 {[%emt 0:00:06]} Bxf3 {[%emt 0:00:11]}
13. Bxf3 {[%emt 0:00:00]} Rfd8 {[%emt 0:00:04]} 14. Rac1 {[%emt 0:00:05]
SKJE2-003 offers a draw} Kf8 {[%emt 0:01:26]} 15. a4 {[%emt 0:00:38]} a5 {[%emt
0:00:13]} 16. Rc2 {[%emt 0:00:18]} Kg8 {[%emt 0:00:25]} 17. Rfc1 {[%emt
0:00:05]} Rbc8 { [%emt 0:00:18]} 18. Nb5 {[%emt 0:00:20]} Nxd5 {[%emt 0:00:37]}
19. Bxd5 { [%emt 0:00:02]} c6 {[%emt 0:00:06]} 20. Bxf7+ {[%emt 0:00:10]} Kf8
{[%emt 0:00:05]} 21. Be6 {[%emt 0:00:03]} Qe8 {[%emt 0:00:07]} 22. Bxc8 {[%emt
0:00:19]} cxb5 {[%emt 0:00:05]} 23. Qxb5 {[%emt 0:00:06]} Qf7 {[%emt 0:00:10]}
1-0

[Event "DSJ Weihnachtsturnier U16: Steinitz 2020"]
[Site ""]
[Date "2020.12.28"]
[Round "5"]
[White "Hense, Toralf"]
[Black "Boissel, Kasimir"]
[Result "1-0"]
[Termination "time forfeit"]
[Board "6.4"]
[WhiteElo "1470"]
[BlackElo "1781"]
[WhiteTeam "SK Johanneum Eppendorf"]
[BlackTeam "SV Königsjäger Süd-West"]
[PlyCount "39"]
[BlackFideId "16298209"]
[EventRounds "7"]
[EventType "team-swiss"]
[EventDate "2020.12.28"]

1. e4 {[%emt 0:00:07]} e6 {[%emt 0:00:23]} 2. d4 {[%emt 0:00:05]} d5 {[%emt
0:00:15]} 3. Nd2 {[%emt 0:00:06]} c6 {[%emt 0:00:09]} 4. c3 {[%emt 0:00:36]}
Bd6 {[%emt 0:00:08]} 5. Bd3 {[%emt 0:00:08]} Ne7 {[%emt 0:00:06]} 6. e5 {[%emt
0:00:09]} Bc7 {[%emt 0:00:03]} 7. Ne2 {[%emt 0:00:09]} Nd7 {[%emt 0:00:05]} 8.
Nf3 {[%emt 0:00:04]} c5 {[%emt 0:00:18]} 9. O-O {[%emt 0:00:06]} cxd4 {[%emt
0:00:14]} 10. cxd4 {[%emt 0:00:04]} a6 {[%emt 0:00:17]} 11. Bg5 {[%emt
0:00:20]} b5 {[%emt 0:00:17]} 12. Nf4 {[%emt 0:00:08]} Nb6 {[%emt 0:00:49]} 13.
b3 { [%emt 0:00:21]} Qd7 {[%emt 0:00:26]} 14. Bb1 {[%emt 0:00:22]} Ng6 {[%emt
0:00:15]} 15. Nd3 {[%emt 0:00:39]} Bd8 {[%emt 0:00:24]} 16. Nc5 {[%emt
0:00:07]} Qc7 {[%emt 0:00:07]} 17. Bxd8 {[%emt 0:00:26]} Qxd8 {[%emt 0:00:05]}
18. Bxg6 { [%emt 0:00:44]} hxg6 {[%emt 0:00:16]} 19. Qc2 {[%emt 0:00:25]} Nd7
{[%emt 0:00:27]} 20. Rac1 {[%emt 0:00:27] Sued-W1004 reconnected. TimeB} 1-0

[Event "DSJ Weihnachtsturnier U16: Steinitz 2020"]
[Site ""]
[Date "2020.12.28"]
[Round "5"]
[White "Matthäi, Jakob"]
[Black "Burns, Mikala Tristan"]
[Result "1-0"]
[Termination "normal"]
[Board "7.1"]
[WhiteElo "1919"]
[BlackElo "1574"]
[WhiteTeam "USG Chemnitz"]
[BlackTeam "SG Grün-Weiß Dresden"]
[PlyCount "89"]
[WhiteFideId "16240421"]
[BlackFideId "16288459"]
[EventRounds "7"]
[EventType "team-swiss"]
[EventDate "2020.12.28"]

1. c4 {[%emt 0:00:07]} Nf6 {[%emt 0:00:02]} 2. g3 {[%emt 0:00:20]} g6 {[%emt
0:00:03]} 3. Bg2 {[%emt 0:00:05]} Bg7 {[%emt 0:00:02]} 4. Nc3 {[%emt 0:00:00]}
O-O {[%emt 0:00:01]} 5. d3 {[%emt 0:00:11]} d6 {[%emt 0:00:01]} 6. Rb1 { [%emt
0:00:07]} e5 {[%emt 0:00:04]} 7. b4 {[%emt 0:00:06]} c6 {[%emt 0:00:04]} 8. b5
{[%emt 0:00:18]} d5 {[%emt 0:00:16]} 9. bxc6 {[%emt 0:00:20]} bxc6 { [%emt
0:00:00]} 10. cxd5 {[%emt 0:00:02]} cxd5 {[%emt 0:00:00]} 11. Bg5 { [%emt
0:00:01]} Qa5 {[%emt 0:00:21]} 12. Qd2 {[%emt 0:00:09]} Be6 {[%emt 0:00:13]}
13. Bxf6 {[%emt 0:00:13]} Bxf6 {[%emt 0:00:02]} 14. Nxd5 {[%emt 0:00:28]} Qxd2+
{[%emt 0:00:17]} 15. Kxd2 {[%emt 0:00:22]} Bxd5 {[%emt 0:00:18]} 16. Bxd5
{[%emt 0:00:03]} Na6 {[%emt 0:00:03]} 17. Bxa8 {[%emt 0:00:02]} Rxa8 {[%emt
0:00:02]} 18. Nf3 {[%emt 0:00:01]} Rd8 {[%emt 0:00:12]} 19. Rhc1 {[%emt
0:00:23]} e4 {[%emt 0:00:06]} 20. Ne1 {[%emt 0:00:04]} Bg5+ {[%emt 0:00:19]}
21. e3 { [%emt 0:00:03]} exd3 {[%emt 0:00:02]} 22. Rc6 {[%emt 0:00:23]} Nb8
{[%emt 0:00:34]} 23. Rc7 {[%emt 0:00:24]} Na6 {[%emt 0:00:20]} 24. Rc3 {[%emt
0:00:35]} Bf6 {[%emt 0:00:28]} 25. Rxd3 {[%emt 0:00:05]} Rc8 {[%emt 0:00:10]}
26. Rd6 { [%emt 0:00:22]} Bc3+ {[%emt 0:00:08]} 27. Ke2 {[%emt 0:00:02]} Nb4
{[%emt 0:00:30]} 28. Nd3 {[%emt 0:00:13]} Nxa2 {[%emt 0:00:24]} 29. Rd7 {[%emt
0:00:03]} Bf6 {[%emt 0:00:17]} 30. Rbb7 {[%emt 0:00:19]} Nc3+ {[%emt 0:00:26]}
31. Kf3 { [%emt 0:00:11]} Rf8 {[%emt 0:00:29]} 32. Rxa7 {[%emt 0:00:10]} Bh8
{[%emt 0:00:06]} 33. Nf4 {[%emt 0:00:04]} g5 {[%emt 0:00:22]} 34. Nd5 {[%emt
0:00:07]} Nxd5 {[%emt 0:00:19]} 35. Rxd5 {[%emt 0:00:00]} f5 {[%emt 0:00:01]}
36. Rdd7 { [%emt 0:00:08]} g4+ {[%emt 0:00:20]} 37. Kg2 {[%emt 0:00:07]} h6
{[%emt 0:00:06]} 38. Ra6 {[%emt 0:00:07]} Bg7 {[%emt 0:00:17]} 39. h4 {[%emt
0:00:04]} Kh8 {[%emt 0:00:10]} 40. Rg6 {[%emt 0:00:06]} Rg8 {[%emt 0:00:18]}
41. h5 {[%emt 0:00:02]} Bf8 {[%emt 0:00:13]} 42. Rf7 {[%emt 0:00:07]} Rxg6
{[%emt 0:00:12]} 43. hxg6 {[%emt 0:00:00]} Bg7 {[%emt 0:00:01]} 44. Rxf5 {[%emt
0:00:03]} Kg8 { [%emt 0:00:02]} 45. e4 {[%emt 0:00:05]} 1-0

[Event "DSJ Weihnachtsturnier U16: Steinitz 2020"]
[Site ""]
[Date "2020.12.28"]
[Round "5"]
[White "Seymer, Adam"]
[Black "Ehrig, Leon Chris"]
[Result "0-1"]
[Termination "normal"]
[Board "7.2"]
[WhiteElo "1249"]
[BlackElo "1685"]
[WhiteTeam "SG Grün-Weiß Dresden"]
[BlackTeam "USG Chemnitz"]
[PlyCount "56"]
[WhiteFideId "34651802"]
[BlackFideId "16244796"]
[EventRounds "7"]
[EventType "team-swiss"]
[EventDate "2020.12.28"]

1. c4 {[%emt 0:00:05]} e5 { [%emt 0:00:06]} 2. Nc3 {[%emt 0:00:05]} Nc6 {[%emt
0:00:09]} 3. g3 {[%emt 0:00:03]} d6 {[%emt 0:00:02]} 4. Bg2 {[%emt 0:00:03]} g6
{[%emt 0:00:01]} 5. Nf3 { [%emt 0:00:05]} Bg7 {[%emt 0:00:01]} 6. O-O {[%emt
0:00:02]} Nge7 {[%emt 0:00:05]} 7. e3 {[%emt 0:00:12]} f5 {[%emt 0:00:31]} 8.
d4 {[%emt 0:00:25]} e4 { [%emt 0:00:07]} 9. Nd2 {[%emt 0:00:18]} O-O {[%emt
0:00:06]} 10. f3 {[%emt 0:00:16]} exf3 {[%emt 0:00:11]} 11. Nxf3 {[%emt
0:00:04]} a6 {[%emt 0:00:25]} 12. e4 {[%emt 0:00:14]} fxe4 {[%emt 0:00:22]} 13.
Nxe4 {[%emt 0:00:03]} Bg4 { [%emt 0:00:02]} 14. Be3 {[%emt 0:00:09]} Nf5 {[%emt
0:00:19]} 15. Bg5 {[%emt 0:00:10]} Qd7 {[%emt 0:00:05]} 16. d5 {[%emt 0:00:23]}
Ncd4 {[%emt 0:00:48]} 17. Rb1 {[%emt 0:00:52]} h6 {[%emt 0:00:27]} 18. Bc1
{[%emt 0:00:39]} Rae8 { [%emt 0:00:07]} 19. Nc3 {[%emt 0:00:23]} Ne3 {[%emt
0:01:19]} 20. Bxe3 { [%emt 0:00:12]} Rxe3 {[%emt 0:00:00]} 21. Ne5 {[%emt
0:02:17]} Rxf1+ {[%emt 0:00:52]} 22. Qxf1 {[%emt 0:00:23]} Bxe5 {[%emt
0:00:04]} 23. Qf2 {[%emt 0:00:10] } Nf5 {[%emt 0:00:10]} 24. Be4 {[%emt
0:00:46]} Bd4 {[%emt 0:00:09]} 25. Bxf5 { [%emt 0:00:38]} Bxf5 {[%emt 0:00:13]}
26. Kh1 {[%emt 0:00:10]} Bxb1 {[%emt 0:00:10]} 27. Qg2 {[%emt 0:00:25]} Re1+
{[%emt 0:00:08]} 28. Qg1 {[%emt 0:00:06]} Rxg1# {[%emt 0:00:01]} 0-1

[Event "DSJ Weihnachtsturnier U16: Steinitz 2020"]
[Site ""]
[Date "2020.12.28"]
[Round "5"]
[White "Lorenz, Jakob"]
[Black "Pätzold, Nicolas"]
[Result "1-0"]
[Termination "normal"]
[Board "7.3"]
[WhiteElo "1575"]
[BlackElo "1360"]
[WhiteTeam "USG Chemnitz"]
[BlackTeam "SG Grün-Weiß Dresden"]
[PlyCount "73"]
[WhiteFideId "16259475"]
[BlackFideId "16240464"]
[EventRounds "7"]
[EventType "team-swiss"]
[EventDate "2020.12.28"]

1. e4 {[%emt 0:00:07]} c5 {[%emt 0:00:03]} 2. Nf3 {[%emt 0:00:02]} e6 {[%emt
0:00:02]} 3. d4 {[%emt 0:00:04]} cxd4 {[%emt 0:00:02]} 4. Nxd4 {[%emt 0:00:00]}
a6 {[%emt 0:00:02]} 5. Nc3 {[%emt 0:00:08]} Qc7 {[%emt 0:00:02]} 6. Be2 { [%emt
0:00:11]} Nf6 {[%emt 0:00:05]} 7. a3 {[%emt 0:00:18]} Be7 {[%emt 0:00:16] } 8.
O-O {[%emt 0:00:32]} O-O {[%emt 0:00:06]} 9. Be3 {[%emt 0:00:18]} d6 { [%emt
0:00:20]} 10. f4 {[%emt 0:00:12]} Bd7 {[%emt 0:00:11]} 11. g4 {[%emt 0:00:23]}
Nc6 {[%emt 0:00:08]} 12. g5 {[%emt 0:00:10]} Ne8 {[%emt 0:00:11]} 13. h4 {[%emt
0:00:13]} Qb6 {[%emt 0:00:51]} 14. Qd2 {[%emt 0:00:42]} Qc7 {[%emt 0:00:24]}
15. Rf2 {[%emt 0:00:40]} e5 {[%emt 0:00:36]} 16. Nf5 {[%emt 0:00:19]} Bxf5
{[%emt 0:01:06]} 17. exf5 {[%emt 0:00:05]} f6 {[%emt 0:00:03]} 18. Nd5 { [%emt
0:00:13]} Qd8 {[%emt 0:00:19]} 19. Bc4 {[%emt 0:00:09]} Kh8 {[%emt 0:00:07]}
20. h5 {[%emt 0:00:19]} b5 {[%emt 0:00:14]} 21. Ba2 {[%emt 0:00:06]} Rb8 {
[%emt 0:00:39]} 22. h6 {[%emt 0:00:08]} exf4 {[%emt 0:00:27]} 23. Nxf4 { [%emt
0:00:50]} Qa5 {[%emt 0:00:46]} 24. hxg7+ {[%emt 0:00:32]} Nxg7 {[%emt 0:00:15]
Dresden1-003 offers a draw} 25. b4 {[%emt 0:00:54]} Qxa3 {[%emt 0:00:12] } 26.
Ng6+ {[%emt 0:00:20]} hxg6 {[%emt 0:00:26]} 27. Rh2+ {[%emt 0:00:25]} Nh5
{[%emt 0:00:03]} 28. fxg6 {[%emt 0:00:04]} Kg7 {[%emt 0:00:08]} 29. Rxh5 {
[%emt 0:00:10]} fxg5 {[%emt 0:00:09]} 30. c3 {[%emt 0:00:50]} Rh8 {[%emt
0:00:51]} 31. Bd4+ {[%emt 0:00:14]} Nxd4 {[%emt 0:00:04]} 32. Qxd4+ {[%emt
0:00:01]} Bf6 {[%emt 0:00:03]} 33. Qa7+ {[%emt 0:00:08]} Kxg6 {[%emt 0:00:36]}
34. Bf7+ { [%emt 0:00:11]} Kf5 {[%emt 0:00:10]} 35. Rxa3 {[%emt 0:00:08]} Rxh5
{[%emt 0:00:02]} 36. Bxh5 {[%emt 0:00:03]} Rh8 {[%emt 0:00:02]} 37. Qf2+ {[%emt
0:00:04] } 1-0

[Event "DSJ Weihnachtsturnier U16: Steinitz 2020"]
[Site ""]
[Date "2020.12.28"]
[Round "5"]
[White "Bachmann, Francesco"]
[Black "Dickel, Karl-Joachim"]
[Result "0-1"]
[Termination "normal"]
[Board "7.4"]
[WhiteElo "1021"]
[BlackElo "1244"]
[WhiteTeam "SG Grün-Weiß Dresden"]
[BlackTeam "USG Chemnitz"]
[PlyCount "117"]
[BlackFideId "34630120"]
[EventRounds "7"]
[EventType "team-swiss"]
[EventDate "2020.12.28"]

1. e4 {[%emt 0:00:03]} c5 {[%emt 0:00:01]} 2. Nf3 {[%emt 0:00:11]} d6 {[%emt
0:00:01]} 3. Bc4 {[%emt 0:00:15]} Nf6 {[%emt 0:00:03]} 4. Nc3 {[%emt 0:00:08]}
a6 {[%emt 0:00:12]} 5. d4 {[%emt 0:00:08]} cxd4 {[%emt 0:00:13]} 6. Nxd4 {[%emt
0:00:03]} b5 {[%emt 0:00:12]} 7. Bd3 {[%emt 0:00:53]} e5 {[%emt 0:00:10]} 8.
Nf3 {[%emt 0:00:04]} Bg4 {[%emt 0:00:09]} 9. h3 {[%emt 0:00:03]} Be6 {[%emt
0:00:04]} 10. Bg5 {[%emt 0:00:06]} g6 {[%emt 0:00:08]} 11. Nd5 {[%emt 0:00:19]}
Bxd5 {[%emt 0:00:07]} 12. exd5 {[%emt 0:00:02]} Be7 {[%emt 0:00:09]} 13. c4 {
[%emt 0:00:07]} e4 {[%emt 0:00:02]} 14. Bxf6 {[%emt 0:00:09]} Bxf6 {[%emt
0:00:12]} 15. Bxe4 {[%emt 0:00:02]} Qe7 {[%emt 0:00:05]} 16. Qd3 {[%emt
0:00:05]} Nd7 {[%emt 0:00:09]} 17. cxb5 {[%emt 0:00:12]} Nc5 {[%emt 0:00:05]}
18. Qc4 { [%emt 0:00:33]} Qxe4+ {[%emt 0:00:03]} 19. Qxe4+ {[%emt 0:00:02]}
Nxe4 { [%emt 0:00:02]} 20. bxa6 {[%emt 0:00:04]} Rxa6 {[%emt 0:00:04]} 21. O-O
{ [%emt 0:00:02]} O-O {[%emt 0:00:01]} 22. Rfe1 {[%emt 0:00:23]} Nc5 {[%emt
0:00:12]} 23. Rab1 {[%emt 0:00:20]} Rxa2 {[%emt 0:00:07]} 24. b4 {[%emt
0:00:02]} Nb7 {[%emt 0:00:42]} 25. b5 {[%emt 0:00:15]} Rb8 {[%emt 0:00:30]
Dresden1-004 offers a draw} 26. Rec1 {[%emt 0:00:28]} Nc5 {[%emt 0:00:20]} 27.
b6 {[%emt 0:00:09]} Bb2 {[%emt 0:00:31]} 28. Rc2 {[%emt 0:00:30]} Rxb6 {[%emt
0:00:18]} 29. Rc4 {[%emt 0:01:08]} Ra1 {[%emt 0:00:44]} 30. Rxa1 {[%emt
0:00:07]} Bxa1 { [%emt 0:00:02]} 31. Nd2 {[%emt 0:00:24]} Be5 {[%emt 0:00:15]}
32. f4 {[%emt 0:00:09]} Bf6 {[%emt 0:00:27]} 33. g4 {[%emt 0:00:14]} h6 {[%emt
0:00:06]} 34. Ne4 {[%emt 0:00:15]} Nxe4 {[%emt 0:00:09]} 35. Rxe4 {[%emt
0:00:03]} Kg7 { [%emt 0:00:28]} 36. Kf2 {[%emt 0:00:10]} Rb5 {[%emt 0:00:21]}
37. Rc4 {[%emt 0:00:33]} Rxd5 {[%emt 0:00:10]} 38. Ke3 {[%emt 0:00:04]} Rc5
{[%emt 0:00:19]} 39. Ra4 {[%emt 0:00:08]} d5 {[%emt 0:00:06]} 40. Kd3 {[%emt
0:00:04]} Rc3+ { [%emt 0:00:03]} 41. Kd2 {[%emt 0:00:05]} Rxh3 {[%emt 0:00:05]}
42. Ke2 { [%emt 0:00:12]} Rg3 {[%emt 0:00:03]} 43. f5 {[%emt 0:00:10]} gxf5
{[%emt 0:00:02]} 44. gxf5 {[%emt 0:00:02]} h5 {[%emt 0:00:02]} 45. Kf2 {[%emt
0:00:03]} h4 {[%emt 0:00:02]} 46. Rb4 {[%emt 0:00:05]} d4 {[%emt 0:00:11]} 47.
Rb1 {[%emt 0:00:32]} d3 {[%emt 0:00:04]} 48. Rd1 {[%emt 0:00:03]} Bd4+ {[%emt
0:00:15]} 49. Kf1 {[%emt 0:00:03]} Bc3 {[%emt 0:00:04]} 50. Kf2 {[%emt
0:00:05]} d2 {[%emt 0:00:13]} 51. Kf1 {[%emt 0:00:09]} h3 {[%emt 0:00:04]} 52.
Kf2 {[%emt 0:00:04]} Rg5 {[%emt 0:00:06]} 53. Rh1 {[%emt 0:00:05]} h2 {[%emt
0:00:07]} 54. Ke2 { [%emt 0:00:05]} Rh5 {[%emt 0:00:04]} 55. Kd1 {[%emt
0:00:09]} Kh6 {[%emt 0:00:06]} 56. Ke2 {[%emt 0:00:05]} Kg5 {[%emt 0:00:05]}
57. Kf3 {[%emt 0:00:02]} d1=Q+ {[%emt 0:00:10]} 58. Rxd1 {[%emt 0:00:05]} h1=Q+
{[%emt 0:00:03]} 59. Rxh1 {[%emt 0:00:04]} 0-1

[Event "DSJ Weihnachtsturnier U16: Steinitz 2020"]
[Site ""]
[Date "2020.12.28"]
[Round "5"]
[White "Rehpenn, Tom"]
[Black "Tovmasyan, Minas"]
[Result "0-1"]
[Termination "time forfeit"]
[Board "8.1"]
[WhiteElo "1419"]
[BlackElo "1771"]
[WhiteTeam "TuS Varrel"]
[BlackTeam "TuS Makkabi Rostock"]
[PlyCount "62"]
[WhiteFideId "16254708"]
[BlackFideId "16247620"]
[EventRounds "7"]
[EventType "team-swiss"]
[EventDate "2020.12.28"]

1. e4 {[%emt 0:00:02]} c5 {[%emt 0:00:02]} 2. Nf3 {[%emt 0:00:02]} e6 {[%emt
0:00:04]} 3. Nc3 {[%emt 0:00:09]} a6 {[%emt 0:00:02]} 4. Be2 {[%emt 0:00:28]}
Qc7 {[%emt 0:00:08]} 5. O-O {[%emt 0:00:16]} d6 {[%emt 0:00:01]} 6. Re1 {[%emt
0:00:09]} Nf6 {[%emt 0:00:03]} 7. d3 {[%emt 0:00:04]} Be7 {[%emt 0:00:02]} 8.
Bg5 {[%emt 0:00:03]} Nbd7 {[%emt 0:00:09]} 9. d4 {[%emt 0:00:09]} cxd4 {[%emt
0:00:04]} 10. Qxd4 {[%emt 0:00:05]} h6 {[%emt 0:00:16]} 11. Bh4 {[%emt
0:00:21]} O-O {[%emt 0:00:05]} 12. Bc4 {[%emt 0:00:21]} b5 {[%emt 0:00:09]} 13.
Bb3 {[%emt 0:00:18]} Bb7 {[%emt 0:00:21]} 14. Re3 {[%emt 0:00:50]} Qc5 {[%emt
0:03:23]} 15. Qxc5 {[%emt 0:01:13]} dxc5 {[%emt 0:00:10]} 16. a4 {[%emt
0:00:11]} b4 { [%emt 0:00:19]} 17. Ne2 {[%emt 0:00:38]} g5 {[%emt 0:00:18]} 18.
Bg3 {[%emt 0:00:34]} Nxe4 {[%emt 0:00:05]} 19. Rd1 {[%emt 0:00:48]} Nb6 {[%emt
0:01:16]} 20. Bc7 {[%emt 0:00:30]} Nd5 {[%emt 0:00:25]} 21. Bxd5 {[%emt
0:00:15]} Bxd5 { [%emt 0:00:00]} 22. c3 {[%emt 0:01:03]} Rac8 {[%emt 0:01:03]}
23. Be5 {[%emt 0:00:27]} f6 {[%emt 0:00:34]} 24. Bg3 {[%emt 0:00:22]} c4 {[%emt
0:00:44]} 25. Nfd4 {[%emt 0:00:48]} f5 {[%emt 0:00:11]} 26. f4 {[%emt 0:00:26]}
Bc5 {[%emt 0:00:36]} 27. fxg5 {[%emt 0:00:19]} hxg5 {[%emt 0:00:00]} 28. Be1
{[%emt 0:00:04] } e5 {[%emt 0:00:08]} 29. Ng3 {[%emt 0:00:02]} exd4 {[%emt
0:00:04] .} 30. Nxf5 {[%emt 0:00:03]} Rxf5 {[%emt 0:00:09]} 31. Rxe4 {[%emt
0:00:02]} d3+ {[%emt 0:00:04] TimeW} 0-1

[Event "DSJ Weihnachtsturnier U16: Steinitz 2020"]
[Site ""]
[Date "2020.12.28"]
[Round "5"]
[White "Janssen, Joris Frederik"]
[Black "Weidenhöfer, Ben"]
[Result "1-0"]
[Termination "normal"]
[Board "8.4"]
[WhiteElo "1440"]
[BlackElo "954"]
[WhiteTeam "TuS Makkabi Rostock"]
[BlackTeam "TuS Varrel"]
[PlyCount "39"]
[WhiteFideId "16287061"]
[BlackFideId "16273702"]
[EventRounds "7"]
[EventType "team-swiss"]
[EventDate "2020.12.28"]

1. d4 {[%emt 0:00:05]} d5 {[%emt 0:01:44]} 2. Bf4 {[%emt 0:00:06]} Bf5 { [%emt
0:00:03]} 3. Nf3 {[%emt 0:00:04]} Nc6 {[%emt 0:00:07]} 4. c3 {[%emt 0:00:03]}
Nf6 {[%emt 0:00:07]} 5. e3 {[%emt 0:00:05]} e6 {[%emt 0:00:01]} 6. Nbd2 { [%emt
0:00:07]} b5 {[%emt 0:00:03]} 7. Bxb5 {[%emt 0:00:06]} Qd7 {[%emt 0:00:14]} 8.
Ne5 {[%emt 0:00:07]} Qd6 {[%emt 0:00:13]} 9. Bxc6+ {[%emt 0:00:04]} Nd7 {[%emt
0:00:05]} 10. Bxa8 {[%emt 0:00:08]} Qb6 {[%emt 0:00:19]} 11. Bc6 { [%emt
0:00:09]} Bd6 {[%emt 0:00:11]} 12. Bxd7+ {[%emt 0:00:04]} Ke7 {[%emt 0:00:12]}
13. Ba4 {[%emt 0:00:14]} Qxb2 {[%emt 0:00:11]} 14. Nc6+ {[%emt 0:00:15] } Kd7
{[%emt 0:00:07]} 15. Nb4+ {[%emt 0:00:03]} Ke7 {[%emt 0:00:04]} 16. Bxd6+
{[%emt 0:00:04]} cxd6 {[%emt 0:00:04]} 17. Bc2 {[%emt 0:00:03]} Qxb4 {[%emt
0:00:08]} 18. cxb4 {[%emt 0:00:04]} Bxc2 {[%emt 0:00:09]} 19. Qxc2 {[%emt
0:00:03]} f6 {[%emt 0:00:24]} 20. O-O {[%emt 0:00:12]} 1-0